000 00760nam a2200289Ia 4500
005 20260324133217.0
008 008 260324s9999 xx 000 0 eng d
020 _a9780203490419
037 _aEBOOK
040 _aCRL
040 _beng
040 _cCRL
041 _2eng
041 _aeng
084 _qCRL
100 _aMike Robbins; Tom Sexton; Gerald Weeks; Thomas L. Sexton; Jay Lebow
_91192208
245 0 _aHandbook of Family Therapy
245 4 _bThe Science and Practice of Working with Families and Couples
260 _bTaylor and Francis
260 _c2003
365 _a
365 _b240
856 _uhttp://www.taylorfrancis.com/books/9780203490419
942 _cEBOOK
999 _c1791065
_d1791065